000
00318 a2200145 4500
001
47456
020
_a
9788596000086
040
_c
Anchieta - Aquarius
240
1
0
_a
Como mudar o mundo?
_l
por
245
1
0
_a
Como mudar o mundo?
300
_a
93
362
0
_a
2015
650
4
_a
Literatura infanto-juvenil
942
_c
BK
999
_c
47456
_d
47456